000 00770nam a22001937a 4500
005 20220325090316.0
008 220322b ||||| |||| 00| 0 eng d
040 _cAL
041 _aKannada
082 _223
_aK894.8
_bHARK
100 _aG B Harisha ಜಿ ಬಿ ಹರೀಶ
_925795
245 _aKalayogi Ananda Kumaraswamy ಕಲಾಯೋಗಿ ಆನಂದ ಕುಮಾರಸ್ವಾಮಿ (ವಿಶ್ವ ಸಂಸ್ಕೃತಿಯ ಹರಿಕಾರ )
260 _aBengaluru
_bVandemataram Prakashana
_c2022
300 _axv,201 p.
_bPB
_c21.5x14 cm.
365 _aBLCR-000132
_b₹200.00
_c
_d₹250.00
_e20%
_f11-03-2022
650 _aKannada Miscellaneous
_924784
700 _aHarisha (G B) ಹರೀಶ (ಜಿ ಬಿ )
_924785
942 _2ddc
_cBK
999 _c221978
_d221978